Promesa de luna llena: (Registro nro. 15362)

000 -CABECERA
campo de control de longitud fija 00605nam a22002057a 4500
003 - IDENTIFICADOR DEL NÚMERO DE CONTROL
campo de control OSt
005 - FECHA Y HORA DE LA ÚLTIMA TRANSACCIÓN
campo de control 20240404141445.0
008 - DATOS DE LONGITUD FIJA--INFORMACIÓN GENERAL
campo de control de longitud fija 240404b ||||| |||| 00| 0 SPA d
040 ## - FUENTE DE LA CATALOGACIÓN
Centro/agencia transcriptor CO-MqBPB
082 ## - NÚMERO DE LA CLASIFICACIÓN DECIMAL DEWEY
Número de edición CL N
Número de documento/Ítem BARp
100 ## - ENTRADA PRINCIPAL--NOMBRE DE PERSONA
Nombre de persona Barrera, Pedro
245 ## - MENCIÓN DE TÍTULO
Título Promesa de luna llena:
Mención de responsabilidad, etc. Pedro Alexander Barrera Tópaga
264 ## - PRODUCCIÓN, PUBLICACIÓN, DISTRIBUCIÓN, FABRICACIÓN Y COPYRIGHT
Producción, publicación, distribución, fabricación y copyright Mosquera
Fecha de producción, publicación, distribución, fabricación o copyright 2023
300 ## - DESCRIPCIÓN FÍSICA
Extensión 88 paginas
Otras características físicas Tapa Dura: ilustración a color
Dimensiones 22 cm
490 ## - MENCIÓN DE SERIE
Mención de serie Mosquera campo de gigantes
500 ## - NOTA GENERAL
Nota general Estimulo de Literatura Mosquera 2023
650 ## - PUNTO DE ACCESO ADICIONAL DE MATERIA--TÉRMINO DE MATERIA
Término de materia o nombre geográfico como elemento de entrada Estimulo
Subdivisión de forma Novela corta
650 ## - PUNTO DE ACCESO ADICIONAL DE MATERIA--TÉRMINO DE MATERIA
Término de materia o nombre geográfico como elemento de entrada Estimulo
Subdivisión de forma Narrativa
942 ## - ELEMENTOS DE PUNTO DE ACCESO ADICIONAL (KOHA)
Fuente del sistema de clasificación o colocación
Tipo de ítem Koha Libro Literatura
Existencias
Estado de retiro Estado de pérdida Fuente del sistema de clasificación o colocación Estado dañado No para préstamo Código de colección Localización permanente Ubicación/localización actual Ubicación en estantería Fecha de adquisición Fuente de adquisición Número de inventario Total de préstamos Signatura topográfica completa Código de barras Fecha visto por última vez Número de copia Precio válido a partir de Tipo de ítem Koha Nota pública Fecha del último préstamo
          Colección Patrimonial Biblioteca Pública San Juan Bosco Biblioteca Pública San Juan Bosco Literatura 04/04/2024 Estimulos NT   CL N BARp MOS503559 04/04/2024 Ej.1 04/04/2024 Libro Literatura Quince días  
          Colección Patrimonial Biblioteca Pública San Juan Bosco Biblioteca Pública San Juan Bosco Literatura 04/04/2024 Estimulos NT 1 CL N BARp MOS503560 10/09/2024 Ej. 2 04/04/2024 Libro Literatura Quince días 03/09/2024

© Todos los derechos reservados para la Biblioteca Pública Municipal San Juan Bosco, 2020
Secretaria de Cultura de Mosquera
Carrera 3 N° 10 Esquina Centro Cultural Barrio El Carmén Teléfono: 8270830 Ext: 34
Funcionando con KOHA
Contacto: Biblioteca Pública Municipal San Juan Bosco/ bibliotecasanjuanbosco@mosquera-cundinamarca.gov.co
Mosquera, Cundinamarca